| 000 | 00469nam a2200145Ia 4500 | ||
|---|---|---|---|
| 008 | 191130s1989##################000#0#eng## | ||
| 020 | _a521220939 | ||
| 040 |
_aACL _cACL |
||
| 082 | _a330.156 KEY.1 | ||
| 245 |
_aCollected writings of John Maynard Keynes 1: Indian currency and finance (v. 1) _cJohn Maynard Keynes |
||
| 260 |
_aLondon _bMacmillan Cambridge University Press _c1989 |
||
| 990 | _aee098b4fac10000c233231ce9ca097b0 | ||
| 991 | _a40985 | ||
| 999 |
_c132565 _d132565 |
||